000 00854nam a2200217Ii 4500
003 JO-AjNU
008 230605s9999||||xx |||||||||||||| ||und||
017 _a2007/1/58
040 _aJO-AjNU
_bara
_erda
_cJO-AjNU
041 _aara
050 1 4 _aHF5681.T3.F8796 2007
100 3 _aتأليف: الفريحات، ياسر صالح,
_eauthor
_929254
245 0 0 _aالمحاسبة الضريبية على الرواتب والاجور : حالات وتطبيقات عملية مختلفة
250 _aط1
264 3 1 _aعمان: دار المناهج للنشر والتوزيع، 2007
300 _a212ص
_bيحتوي على ببلوغرافية من ص211-212ص
336 _atext
_btxt
_2rdacontent
337 _aunmediated
_bn
_2rdamedia
338 _avolume
_bnc
_2rdacarrier
650 4 _aالمحاسبة المالية- الضرائب
_929255
999 _aA11449
_c15017
_d15017